Imiona włoskich piłkarzy z gry FIFA 20 - Statystyki

Ogólne statystyki
  • Ten quiz został rozwiązany 407 razy
  • Średni wynik to 15 z 24
Statystyki odpowiedzi
Nazwisko Imię % Poprawnych
Verratti Marco
90%
Pirlo Andrea
85%
Balotelli Mario
81%
Inzaghi Filippo
79%
Immobile Ciro
77%
Totti Francesco
77%
Maldini Paolo
77%
Quagliarella Fabio
75%
El Shaarawy Stephan
75%
Del Piero Alessandro
73%
Barella Nicolò
71%
Buffon Gianluigi
68%
Bonucci Leonardo
67%
Insigne Lorenzo
67%
Belotti Andrea
66%
Baggio Roberto
64%
Cannavaro Fabio
63%
Chiellini Giorgio
63%
De Rossi Daniele
60%
Zaniolo Nicolò
60%
Nesta Alessandro
58%
Kean Moise
58%
Donnaruma Gianluigi
57%
Acerbi Francesco
54%
Florenzi Alessandro
53%
Zaza Simone
52%
Candreva Antonio
50%
Rugani Daniele
50%
Pellegrini Lorenzo
50%
Parolo Marco
50%
Bernardeschi Federico
48%
Perrin Mattia
48%
Gattuso Gennaro
47%
Zola Gianfranco
46%
Zambrotta Gianluca
46%
Tonali Sandro
45%
Cutrone Patrick
42%
Vieri Christian
40%
Sirigu Salvatore
36%
Bonaventura Giacomo
33%
Baresi Franco
28%
Giovinco Sebastian
27%
De Sciglio Mattia
25%
Ogbonna Angelo
24%
Romagnoli Alessio
23%
Verdi Simone
20%
Criscito Domenico
15%
Lasagna Kevin
14%
Piccini Cristiano
8%
Politano Metteo
0%
Nie znaleziono quizów pasujących do podanych kryteriów
Rozkład punktacji
Procent ludzi z każdym wynikiem
Percentyl według liczby udzielonych odpowiedzi
Twoja historia wyników
Nie rozwiązałeś tego quizu